000 00532nam a2200193Ia 4500
005 20250923145826.0
008 008 250917s9999 xx 000 0 eng d
037 _aTextual
040 _aDSWL
_beng
_cDSWL
041 _aeng
_2eng
084 _aY:45:61x, N89
_qDSWL
245 0 _aPolice administrators: Reminisclnes
_cEd.by S.K. Ghosh
260 _aNew Delhi
_bAshish
_c1989
300 _axviii,209p.
365 _aINR
_b150.00
925 _g150.00
942 _cTEXL
_hY:45:61x, N89
999 _c1456165
_d1456165